| 000 | 00912nam a22002897a 4500 | ||
|---|---|---|---|
| 999 |
_c3485 _d3485 |
||
| 001 | 5181 | ||
| 003 | BD-DhUAP | ||
| 005 | 20200308103426.0 | ||
| 008 | 200308s1977 nyua b 001 0 eng d | ||
| 020 | _a0070857881 | ||
| 020 | _a0070629218 | ||
| 040 |
_aDLC _cDLC _dBD-DhUAP _bEng |
||
| 082 | 0 | 0 |
_223 _a621.381 TAU |
| 100 | 1 | _aTaub, Herbert. | |
| 245 | 1 | 0 |
_aDigital integrated electronics / _cHerbert Taub and Donald Schilling. |
| 250 | _aTata McGraw-Hill Edition. | ||
| 260 |
_aNew York : _bMcGraw-Hill, _cc1977 [2008]. |
||
| 300 |
_axx, 650 pages : _billustrations ; _c24 cm. |
||
| 490 | 0 | _aMcGraw-Hill electrical and electronic engineering series. | |
| 504 | _aIncludes bibliographical references and index. | ||
| 650 | 0 | _aDigital electronics. | |
| 650 | 0 | _aIntegrated circuits. | |
| 700 | 1 | _aSchilling, Donald L. | |
| 942 |
_2ddc _cBK |
||